000 01086cam a2200253 4500
008 020524n2001 000 0 eng u
020 _a1903287170
035 _a(Sirsi) u118135
050 _a697
110 _aChartered Institute of Building Service Engineers
245 _aCIBSE concise handbook
260 _aLondon
_bCIBSE
_c2001
300 _a210p.
_bill.
_c30cm.
350 _a58
520 _aProvides a summary of the data and guidance contained in CIBSE guides A "Environmental design", B "Installation and equipment data", C "Reference data", G "Public health engineering, and the "Code for interior lighting".
650 _aBUILT ENVIRONMENT-BUILDING ELEMENTS-COMPLETE BUILDING SERVICES ELEMENTS-COMPLETE HEATING, VENTILATION AND AIR CONDITIONING SYSTEMS
650 _aBlock management
_96220
650 _aDRAINAGE
650 _aBUILT ENVIRONMENT-BUILDING ELEMENTS-COMPLETE BUILDING SERVICES ELEMENTS-COMPLETE HEATING, VENTILATION AND AIR CONDITIONING SYSTEMS
650 _aLIGHTING
650 _aPLUMBING
690 _aBlock management
_96220
942 _n0
999 _c102099
_d102099